| 000 | 01381nam a2200361Ia 4500 | ||
|---|---|---|---|
| 001 | ebr10190925 | ||
| 003 | CaPaEBR | ||
| 006 | m u | ||
| 007 | cr cn||||||||| | ||
| 008 | 010702s2001 enka sb 001 0 eng d | ||
| 010 | _z 00104886 | ||
| 020 | _z0122219708(pbk.) | ||
| 040 |
_aCaPaEBR _cCaPaEBR |
||
| 035 | _a(OCoLC)647653619 | ||
| 050 | 1 | 4 |
_aRC643 _b.D74 2001eb |
| 082 | 0 | 4 |
_a616.99419027 _221 |
| 100 | 1 | _aDrexler, Hans G. | |
| 245 | 1 | 4 |
_aThe leukemia-lymphoma cell line _h[electronic resource] / _cHans G. Drexler. |
| 260 |
_aSan Diego, Calif. ; _aLondon : _bAcademic, _cc2001. |
||
| 300 |
_axv, 733 p. : _bill. |
||
| 490 | 1 | _aFactsbook series | |
| 504 | _aIncludes bibliographical references and index. | ||
| 533 |
_aElectronic reproduction. _bPalo Alto, Calif. : _cebrary, _d2009. _nAvailable via World Wide Web. _nAccess may be limited to ebrary affiliated libraries. |
||
| 650 | 0 |
_aLeukemia _vHandbooks, manuals, etc. |
|
| 650 | 0 |
_aLymphomas _vHandbooks, manuals, etc. |
|
| 650 | 0 |
_aCell lines _vHandbooks, manuals, etc. |
|
| 650 | 0 |
_aCancer cells _vHandbooks, manuals, etc. |
|
| 650 | 0 | _aHuman cell culture. | |
| 655 | 7 |
_aElectronic books. _2local |
|
| 710 | 2 | _aebrary, Inc. | |
| 830 | 0 | _aFactsbook series. | |
| 856 | 4 | 0 |
_uhttp://site.ebrary.com/lib/rucke/Doc?id=10190925 _zAn electronic book accessible through the World Wide Web; click to view |
| 999 |
_c219426 _d219426 |
||